| 000 | 00592nam a22001937a 4500 | ||
|---|---|---|---|
| 003 | OSt | ||
| 005 | 20240215110059.0 | ||
| 008 | 170512t xxu||||| |||| 00| 0 eng d | ||
| 020 | _a9783037680728 | ||
| 040 | _c0 | ||
| 082 |
_a728.8 _bGAL |
||
| 100 | 1 |
_aGalindo, Michelle _9120501 |
|
| 245 | 1 | 0 |
_aMasterpieces : _bcountry house architecture + design/ _cMichelle Galindo |
| 260 |
_bBraun publishing, _c2011. |
||
| 300 |
_a301p.: _bill; _c24 cm. |
||
| 650 |
_aArchitecture, Domestic _99129 |
||
| 650 |
_aCountry homes _vDesign and construction _9120502 |
||
| 942 |
_2ddc _cBK _aSADA _k728.8 GAL 2011 |
||
| 999 |
_c607755 _d607755 |
||